| 000 | 01042nam a2200181Ia 4500 | ||
|---|---|---|---|
| 008 | 090124s9999 xx 000 0 und d | ||
| 082 | _b30443 | ||
| 100 | _aकुलकर्णी प्रा. डॉ. सौ. अनुराधा दामोदर | ||
| 245 | _a प्राचीन मराठीतील स्फुट आख्यान काव्यांचा अभ्यास | ||
| 250 | _a1 | ||
| 260 |
_bमेहता पब्लिशिंग हाऊस _c1992 |
||
| 300 | _a278 | ||
| 600 | _aकुलकर्णी प्रा. डॉ. सौ. अनुराधा दामोदर | ||
| 630 | _a प्राचीन मराठीतील स्फुट आख्यान काव्यांचा अभ्यास | ||
| 700 | _aकुलकर्णी प्रा. डॉ. सौ. अनुराधा दामोदर | ||
| 730 | _a प्राचीन मराठीतील स्फुट आख्यान काव्यांचा अभ्यास | ||
| 942 | _cBOOK | ||
| 999 |
_c96919 _d96919 |
||